000
00202 a2200097 4500
001
28979
100
_a
Qureshi I.H
245
_a
Ulema in politics
260
_a
_b
MA Arf Ltd
_c
090
_c
19370
_d
19370
942
_a
NUST-CAE
_c
M
_c
10414
999
_c
264052
_d
264052